000
00331nam a2200133Ia 4500
008
210428s9999 xx 000 0 und d
020
_a
0-7106-2708-4
082
_a
660 J331 J
100
_a
Anthony J Watts
_9
52183
245
0
_a
Underwater Warfare Systems 2005-2006
260
_b
Janes
_a
UK
_c
2005
300
_a
711p
942
_c
BK
999
_c
559949
_d
559949